[Event "Chinese Chess League 2019"]
[Site "Shen Yang"]
[Date "2019.11.22"]
[Round "17.1"]
[White "Xu, Yi"]
[Black "Liu, Qingnan"]
[Result "1/2-1/2"]
[WhiteElo "2541"]
[BlackElo "2535"]
[Annotator "ChessBase"]
[PlyCount "60"]
[EventDate "2019.04.09"]
[EventType "team-tourn"]
[EventCountry "CHN"]
[SourceTitle "playchess.com"]
[Source "ChessBase"]
[SourceQuality "1"]
[TimeControl "5400+30"]

1. e4 {[%emt 0:00:00]} e5 {[%emt 0:00:00]} 2. Nf3 {[%emt 0:00:00]} Nf6 {[%emt 0:00:00]} 3. Nxe5 {[%emt 0:00:00]} d6 {[%emt 0:00:00]} 4. Nf3 {[%emt 0:00:00]} Nxe4 {[%emt 0:00:00]} 5. d4 {[%emt 0:00:00]} d5 {[%emt 0:00:00]} 6. Bd3 {[%emt 0:00:00]} Bd6 {[%emt 0:00:00]} 7. O-O {[%emt 0:00:18]} O-O {[%emt 0:00:02]} 8. c4 {[%emt 0:00:12]} c6 {[%emt 0:00:04]} 9. Qc2 {[%emt 0:00:49]} Na6 {[%emt 0:03:31]} 10. a3 {[%emt 0:00:07]} f5 {[%emt 0:01:40]} 11. Nc3 {[%emt 0:01:14]} Nc7 {[%emt 0:00:43]} 12. b4 {[%emt 0:00:57]} Nxc3 {[%emt 0:05:00]} 13. Qxc3 {[%emt 0:00:11]} dxc4 {[%emt 0:00:04]} 14. Bg5 {[%emt 0:01:06]} Qd7 {[%emt 0:15:24]} 15. Bxc4+ {[%emt 0:00:14]} Kh8 {[%emt 0:00:53]} 16. Ne5 {[%emt 0:15:05]} Qe8 {[%emt 0:03:00]} 17. Rfe1 {[%emt 0:26:27]} Be6 {[%emt 0:01:08]} 18. Bf4 {[%emt 0:02:18]} Nd5 {[%emt 0:16:22]} 19. Bxd5 {[%emt 0:00:07]} Bxd5 {[%emt 0:00:02]} 20. Nf3 {[%emt 0:06:50]} Qd7 {[%emt 0:01:36]} 21. Bxd6 {[%emt 0:06:42]} Qxd6 {[%emt 0:00:05]} 22. Ne5 {[%emt 0:00:10]} Rad8 {[%emt 0:00:57]} 23. Rad1 {[%emt 0:00:31]} Kg8 {[%emt 0:00:08]} 24. f3 {[%emt 0:01:49]} Rfe8 {[%emt 0:00:44]} 25. Qd3 {[%emt 0:02:53]} g6 {[%emt 0:00:52]} 26. Qc3 {[%emt 0:00:07]} Bf7 {[%emt 0:01:11]} 27. Kf2 {[%emt 0:02:08]} Qd5 {[%emt 0:00:16]} 28. Rd2 {[%emt 0:01:55]} Kg7 {[%emt 0:01:17]} 29. Re3 {[%emt 0:02:39]} Kg8 {[%emt 0:01:30]} 30. Kg1 {[%emt 0:02:02]} a5 {[%emt 0:04:33]} 1/2-1/2

[Event "Chinese Chess League 2019"]
[Site "Shen Yang"]
[Date "2019.11.22"]
[Round "17.2"]
[White "Ni, Hua"]
[Black "Zhao, Jun"]
[Result "1/2-1/2"]
[WhiteElo "2672"]
[BlackElo "2641"]
[Annotator "TA"]
[PlyCount "73"]
[EventDate "2019.04.09"]
[EventType "team-tourn"]
[EventCountry "CHN"]
[SourceTitle "playchess.com"]
[Source "ChessBase"]
[SourceQuality "1"]

{[%evp 20,73,17,0,0,0,0,0,0,0,0,0,10,0,23,22,26,18,21,21,31,24,39,27,31,13,25,11,17,0,0,0,0,-23,-23,-23,-24,-18,-16,-23,-17,-18,-23,-52,-53,-53,-51,-48,-49,-104,-80,-108,-102,-79,-77,-74]} 1. d4 d5 2. c4 e6 3. Nf3 Nf6 4. g3 Bb4+ 5. Bd2 Be7 6. Bg2 O-O 7. O-O c6 8. Qc2 b6 9. Bf4 Bb7 10. Rd1 Nbd7 11. Ne5 Nh5 {E08: Closed Catalan: Main Line: 7 Qc2} 12. Bd2 Nhf6 13. cxd5 cxd5 {The position is equal.} 14. Nc6 Bxc6 15. Qxc6 Qc8 16. Qb5 Ne8 {[#]} 17. Qd3 $146 ({Predecessor:} 17. Nc3 Nd6 18. Qd3 Qc4 19. Qb1 {½-½ (88) Artemiev,V (2636)-Movsesian,S (2670) Loo 2014}) 17... Ndf6 18. Nc3 Nd6 19. b3 Qd7 20. Be1 Nfe8 21. f3 Nc7 22. e4 Ndb5 23. Nxb5 Nxb5 24. Bf2 Ba3 25. Bf1 a6 26. e5 Rfc8 27. Qd2 Qc6 28. Bd3 Qc3 29. Qxc3 Rxc3 30. Kf1 Rac8 31. Be1 R3c7 32. Rab1 Ra8 33. Bxb5 axb5 34. b4 (34. Rd2 $15) 34... Rc2 {Black is better.} 35. Rd2 Rc4 36. Rd3 Bc1 37. a3 {Accuracy: White = 64%, Black = 74%.} 1/2-1/2

[Event "Chinese Chess League 2019"]
[Site "Shen Yang"]
[Date "2019.11.22"]
[Round "17.3"]
[White "Grischuk, Alexander"]
[Black "Wen, Yang"]
[Result "1-0"]
[WhiteElo "2764"]
[BlackElo "2586"]
[Annotator "TA"]
[PlyCount "83"]
[EventDate "2019.04.09"]
[EventType "team-tourn"]
[EventCountry "CHN"]
[SourceTitle "playchess.com"]
[Source "ChessBase"]
[SourceQuality "1"]

{[%evp 12,83,15,14,18,18,27,31,24,20,28,29,33,-5,14,-9,-16,-15,-15,-18,-26,-18,-20,-7,-20,-12,0,0,0,0,0,0,0,0,0,0,0,0,0,0,6,0,5,2,2,2,13,13,13,12,21,23,36,42,43,43,41,35,36,20,99,104,89,55,55,55,251,227,29967,29968,29967,29968,29972,12794]} 1. e4 e5 2. Nf3 Nc6 3. Bc4 Bc5 4. O-O Nf6 5. d3 d6 6. c3 O-O 7. Re1 h6 {C54: Giuoco Piano: 4 c3 Nf6, main lines with 5 d4 and 5 d3} (7... a6 8. a4 Ba7 9. Nbd2 Ng4 10. Re2 Kh8 11. h3 f5 12. Nf1 fxe4 13. dxe4 Nh6 14. Re1 Qf6 15. Ng3 Bxh3 {0-1 (62) Alekseenko,K (2671)-Ding,L (2811) Khanty-Mansiysk 2019}) 8. Nbd2 {[%cal Bb1d2,Bd2f1,Bf1g3][%mdl 32]} a6 9. Nf1 Ba7 {White is slightly better.} 10. a4 Ne7 11. Ng3 Ng6 12. d4 c6 13. Bd3 $146 ({Predecessor:} 13. h3 Qc7 14. Bb3 Re8 {1-0 (32) Erdei,A (2132)-Lengyel,B (2251) Budapest 2009}) 13... Bg4 14. Be2 Re8 15. h3 Bxf3 16. Bxf3 d5 17. exd5 Nxd5 18. dxe5 Nxe5 (18... Rxe5 {feels hotter.} 19. Rxe5 Nxe5 20. Qe2 Ng6 21. Nh5 Qf8) 19. Bxd5 Qxd5 20. Qxd5 cxd5 21. Rd1 Rad8 22. Nf5 Nc6 23. Kf1 d4 24. cxd4 Bxd4 25. Nxd4 Nxd4 26. Bf4 Nb3 27. Rxd8 Rxd8 $11 {[%mdl 4096] Endgame KRB-KRN} 28. Ra3 Nc5 29. Be3 Rd5 30. Ke2 Kf8 31. b4 Ne6 32. Rd3 Rxd3 33. Kxd3 $14 {KB-KN} Ke7 34. Kc4 Kd6 35. g4 Ke5 {[#]} (35... g6 $11) 36. b5 $1 $16 Kd6 37. f4 axb5+ 38. axb5 g5 $2 (38... Kd7 $14) 39. f5 $18 Nf4 $2 {[#]} (39... Nc7 $18 40. Ba7 Kd7) 40. Bxf4+ $1 {White mates.} gxf4 41. Kd4 f6 42. h4 {Accuracy: White = 81%, Black = 53%.} (42. Ke4 $142 f3 43. Kxf3 Kd5 44. Kg3 Kc5 45. Kh4 Kxb5 46. Kh5 Kc6 47. Kxh6) 1-0

[Event "Chinese Chess League 2019"]
[Site "Shen Yang"]
[Date "2019.11.22"]
[Round "17.4"]
[White "Stefanova, Antoaneta"]
[Black "Ni, Shiqun"]
[Result "1-0"]
[WhiteElo "2481"]
[BlackElo "2391"]
[Annotator "ChessBase"]
[PlyCount "75"]
[EventDate "2019.04.09"]
[EventType "team-tourn"]
[EventCountry "CHN"]
[SourceTitle "playchess.com"]
[Source "ChessBase"]
[SourceQuality "1"]
[TimeControl "5400+30"]

1. Nf3 {[%emt 0:00:00]} d5 {[%emt 0:00:00]} 2. d4 {[%emt 0:00:07]} Nf6 {[%emt 0:00:00]} 3. c4 {[%emt 0:00:06]} dxc4 {[%emt 0:00:00]} 4. e3 {[%emt 0:00:05]} e6 {[%emt 0:00:00]} 5. Bxc4 {[%emt 0:00:08]} c5 {[%emt 0:00:06]} 6. O-O {[%emt 0:00:14]} a6 {[%emt 0:00:04]} 7. Nc3 {[%emt 0:02:31]} b5 {[%emt 0:00:07]} 8. Be2 {[%emt 0:01:21]} Nbd7 {[%emt 0:00:15]} 9. d5 {[%emt 0:12:43]} exd5 {[%emt 0:00:15]} 10. Nxd5 {[%emt 0:00:23]} Bb7 {[%emt 0:00:12]} 11. Nxf6+ {[%emt 0:05:03]} Qxf6 {[%emt 0:00:11]} 12. a4 {[%emt 0:02:22]} b4 {[%emt 0:00:09]} 13. e4 {[%emt 0:08:01]} Be7 {[%emt 0:00:12]} 14. Re1 {[%emt 0:23:57]} Rd8 {[%emt 0:19:38]} 15. Qb3 {[%emt 0:23:20]} Ne5 {[%emt 0:02:53]} 16. Nxe5 {[%emt 0:01:09]} Qxe5 {[%emt 0:00:02]} 17. f4 {[%emt 0:03:49]} Qd4+ {[%emt 0:31:44]} 18. Be3 {[%emt 0:00:49]} Qxe4 {[%emt 0:01:02]} 19. Bf3 {[%emt 0:00:27]} Bd5 {[%emt 0:00:02]} 20. Qd1 {[%emt 0:04:10]} Qe6 {[%emt 0:01:29]} 21. Bf2 {[%emt 0:00:29]} Qc6 {[%emt 0:11:58]} 22. Bxd5 {[%emt 0:03:16]} Rxd5 {[%emt 0:02:39]} 23. Qf3 {[%emt 0:01:30]} Rd6 {[%emt 0:03:04]} 24. Qh5 {[%emt 0:02:52]} Rd5 {[%emt 0:07:18]} 25. Re5 {[%emt 0:01:39]} Rxe5 {[%emt 0:08:54]} 26. Qxe5 {[%emt 0:00:01]} f6 {[%emt 0:05:04]} 27. Qb8+ {[%emt 0:00:55]} Bd8 {[%emt 0:00:02]} 28. Re1+ {[%emt 0:01:41]} Kf7 {[%emt 0:00:01]} 29. Rd1 {[%emt 0:00:07]} Qxa4 {[%emt 0:02:27]} 30. Qb7+ {[%emt 0:00:40]} Kg6 {[%emt 0:00:05]} 31. f5+ {[%emt 0:00:36]} Kxf5 {[%emt 0:00:03]} 32. Qf3+ {[%emt 0:00:42]} Kg6 {[%emt 0:00:08]} 33. Qg4+ {[%emt 0:00:33]} Kh6 {[%emt 0:02:06]} 34. Be3+ {[%emt 0:00:18]} g5 {[%emt 0:00:01]} 35. h4 {[%emt 0:00:04]} Re8 {[%emt 0:02:36]} 36. hxg5+ {[%emt 0:00:09]} fxg5 {[%emt 0:00:03]} 37. Rxd8 {[%emt 0:00:34]} Rxe3 {[%emt 0:00:47]} 38. Rd6+ {[%emt 0:00:09]} 1-0

[Event "Chinese Chess League 2019"]
[Site "Shen Yang"]
[Date "2019.11.22"]
[Round "17.5"]
[White "Ning, Kaiyu"]
[Black "Ju, Wenjun"]
[Result "1/2-1/2"]
[WhiteElo "2330"]
[BlackElo "2586"]
[Annotator "ChessBase"]
[PlyCount "64"]
[EventDate "2019.04.09"]
[EventType "team-tourn"]
[EventCountry "CHN"]
[SourceTitle "playchess.com"]
[Source "ChessBase"]
[SourceQuality "1"]
[TimeControl "5400+30"]

1. Nf3 {[%emt 0:00:00]} d5 {[%emt 0:00:00]} 2. e3 {[%emt 0:00:00]} Nf6 {[%emt 0:00:19]} 3. c4 {[%emt 0:00:00]} e6 {[%emt 0:00:11]} 4. b3 {[%emt 0:00:00]} Be7 {[%emt 0:02:42]} 5. Bb2 {[%emt 0:00:00]} O-O {[%emt 0:00:04]} 6. Nc3 {[%emt 0:00:01]} c5 {[%emt 0:03:39]} 7. cxd5 {[%emt 0:00:06]} exd5 {[%emt 0:02:44]} 8. d4 {[%emt 0:00:11]} Nc6 {[%emt 0:02:15]} 9. Be2 {[%emt 0:00:05]} b6 {[%emt 0:05:26]} 10. O-O {[%emt 0:00:09]} Be6 {[%emt 0:00:39]} 11. Rc1 {[%emt 0:01:08]} Ne4 {[%emt 0:06:46]} 12. Bd3 {[%emt 0:09:47]} f5 {[%emt 0:01:34]} 13. dxc5 {[%emt 0:10:09]} bxc5 {[%emt 0:09:46]} 14. Qe2 {[%emt 0:00:06]} Qa5 {[%emt 0:21:57]} 15. Bb5 {[%emt 0:23:07]} Rac8 {[%emt 0:01:04]} 16. Rfd1 {[%emt 0:00:13]} Rfd8 {[%emt 0:01:05]} 17. Na4 {[%emt 0:00:30]} Nb4 {[%emt 0:00:30]} 18. a3 {[%emt 0:00:30]} Na2 {[%emt 0:00:30]} 19. Ra1 {[%emt 0:00:30]} Rb8 {[%emt 0:00:30]} 20. Bc6 {[%emt 0:00:30]} Nac3 {[%emt 0:00:30]} 21. Nxc3 {[%emt 0:35:43]} Nxc3 {[%emt 0:23:57]} 22. Bxc3 {[%emt 0:01:10]} Qxc3 {[%emt 0:00:03]} 23. b4 {[%emt 0:04:49]} Qc4 {[%emt 0:08:17]} 24. Qd2 {[%emt 0:00:41]} Qa6 {[%emt 0:03:37]} 25. b5 {[%emt 0:00:05]} Qa5 {[%emt 0:00:04]} 26. Rac1 {[%emt 0:04:01]} a6 {[%emt 0:03:14]} 27. Ne5 {[%emt 0:00:50]} axb5 {[%emt 0:00:23]} 28. Nd7 {[%emt 0:02:42]} Rdc8 {[%emt 0:01:24]} 29. Bxd5 {[%emt 0:00:20]} Qa6 {[%emt 0:00:08]} 30. Nxc5 {[%emt 0:03:08]} Rxc5 {[%emt 0:00:39]} 31. Rxc5 {[%emt 0:00:04]} Rd8 {[%emt 0:00:21]} 32. Rc6 {[%emt 0:00:45]} Kf8 1/2-1/2

[Event "Chinese Chess League 2019"]
[Site "Shen Yang"]
[Date "2019.11.22"]
[Round "17.6"]
[White "Zou, Chen"]
[Black "Wang, Yue"]
[Result "1/2-1/2"]
[WhiteElo "2462"]
[BlackElo "2677"]
[Annotator "TA"]
[PlyCount "62"]
[EventDate "2019.04.09"]
[EventType "team-tourn"]
[EventCountry "CHN"]
[SourceTitle "playchess.com"]
[Source "ChessBase"]
[SourceQuality "1"]

{[%evp 12,62,25,8,11,10,14,16,27,9,19,27,38,42,39,-10,0,-24,0,-40,-30,-50,-41,-47,-49,-50,-49,-50,-59,-27,-51,-46,-23,-26,-13,-13,-13,-13,-9,-22,-15,-50,-36,-46,-37,-60,-35,-26,0,0,0,-26,0]} 1. e4 e5 2. Nf3 Nc6 3. Bb5 Nf6 4. d3 Bc5 5. c3 O-O 6. O-O d6 7. Nbd2 a6 {C65: Ruy Lopez: Berlin Defence (3...Nf6), unusual lines and 4 0-0 Bc5} 8. Ba4 Ba7 9. h3 b5 {The position is equal.} (9... Ne7 10. d4 Ng6 11. Bc2 Re8 12. Re1 Bd7 13. Nf1 c5 14. dxc5 dxc5 15. Bg5 Be6 16. Ne3 c4 17. Qe2 Bxe3 18. Bxe3 h6 19. Nd2 b5 20. a4 {1-0 (54) Dominguez Perez,L (2763)-Wang,H (2726) Khanty-Mansiysk 2019}) 10. Bc2 d5 11. exd5 Nxd5 $146 ({Predecessor:} 11... Qxd5 12. Qe2 Re8 13. Ne4 Nxe4 14. dxe4 Qd6 15. Be3 {1-0 (68) Abdumalik,Z (2490)-Tan,Z (2482) Hengshui 2019}) 12. Re1 Re8 13. d4 exd4 14. Rxe8+ Qxe8 15. cxd4 h6 ({Don't play} 15... Nxd4 $6 16. Nxd4 Bxd4 17. Nf3 $14) 16. Nb3 Be6 17. Bd2 Ndb4 18. Bxb4 Nxb4 19. a3 Nxc2 20. Qxc2 Bd5 21. Re1 Qf8 22. Re3 Bxb3 23. Rxb3 Qd6 24. Rc3 Bb6 25. Qe4 Rd8 26. Qb7 a5 27. g3 Qe6 28. Kg2 Qe2 29. b3 Re8 30. Qd5 Qb2 31. Qd7 Re6 {Accuracy: White = 77%, Black = 59%.} (31... Kf8 $5 {[%cal Rb2c3]} 32. Rd3 Qc2 $11) 1/2-1/2

[Event "Chinese Chess League 2019"]
[Site "Shen Yang"]
[Date "2019.11.22"]
[Round "17.7"]
[White "Xiang, Zeyu"]
[Black "Malakhov, Vladimir"]
[Result "0-1"]
[WhiteElo "2448"]
[BlackElo "2665"]
[Annotator "TA"]
[PlyCount "184"]
[EventDate "2019.04.09"]
[EventType "team-tourn"]
[EventCountry "CHN"]
[SourceTitle "playchess.com"]
[Source "ChessBase"]
[SourceQuality "1"]

{[%evp 11,184,19,22,15,24,20,22,12,13,20,31,27,35,10,9,0,8,18,23,-4,-4,-4,-4,-4,-4,-6,-5,-14,-7,-6,-11,-17,0,0,0,0,0,-7,-4,-2,-6,-9,-9,-9,-9,-10,-4,-28,-27,-40,-51,-51,-51,-50,-40,-40,-40,-40,-35,-50,-52,-52,-52,-65,-65,-67,-66,-66,-66,-79,-79,-83,-73,-69,-39,-38,-37,-39,-39,-52,-7,-7,-14,-9,0,0,0,-47,-27,-27,-27,-27,-27,-44,-22,-22,-22,-28,-27,-32,-27,-42,-28,-29,-29,-29,-27,-28,-28,-28,-27,-27,-27,-27,-27,-27,-23,-25,-14,-17,-17,-18,-17,-18,-18,-22,-18,-18,-18,-29,-29,-29,-35,-35,-32,-35,-35,-37,-35,-37,0,0,0,0,0,0,0,-8,-1,-1,-1,-8,0,-20,-20,-20,-20,-20,-8,-8,0,0,0,-34,-34,-70,-74,-84,-84,-84,-84,-84,-84,-29983,-29984]} 1. d4 d5 2. c4 c6 3. cxd5 cxd5 4. Bf4 Nc6 5. e3 Nf6 6. Nc3 Bg4 7. Qb3 {D10: Slav Defence: 3 cxd5 (without early Nf3) and 3 Nc3} Na5 $1 {[%cal Ra5b3]} 8. Qa4+ Bd7 9. Qc2 {The position is equal.} e6 10. Bd3 (10. Nf3 Be7 11. Bd3 Nc6 12. Qe2 Nh5 13. Be5 f6 14. Bg3 f5 15. Nd2 g6 {½-½ (29) Aronian,L (2756)-Yu,Y (2736) Riga 2019}) 10... Nh5 11. Be5 Nc6 12. Be2 Nf6 13. Nf3 Rc8 14. O-O Ne4 $146 ({Predecessor:} 14... Be7 15. a3 Nxe5 16. Nxe5 {½-½ (47) Krush,I (2468)-Mohammad,N (2414) Doha 2015}) 15. h3 Nxe5 16. Nxe5 Bd6 17. Nxd7 Qxd7 18. Rfc1 O-O 19. Qa4 Qxa4 20. Nxa4 f5 21. Nc3 a6 22. Nxe4 fxe4 23. f3 Bg3 24. Rxc8 Rxc8 25. fxe4 dxe4 $11 {[%mdl 4096] Endgame KRB-KRB} 26. Rf1 g6 27. Bd1 Kg7 28. Bb3 b5 29. Rb1 Rf8 30. Bxe6 Bf2+ 31. Kh2 Bxe3 32. Bd5 Bxd4 {Strongly threatening ...e3.} 33. Bxe4 Rf2 34. Kg3 Rd2 35. Bb7 a5 36. Kf3 b4 37. Bd5 h5 38. g4 Bf6 39. Be4 hxg4+ 40. hxg4 Bxb2 41. Re1 Bf6 42. Re2 Rd1 43. Bc2 Rf1+ 44. Rf2 Rc1 45. Rd2 g5 46. Rd7+ Kf8 47. Bb3 Rf1+ 48. Kg2 Rf4 49. Bd1 a4 50. Bxa4 Rxg4+ 51. Kf3 Rf4+ 52. Kg2 Be7 53. Bb3 Ke8 54. Rc7 Rd4 55. Be6 Re4 56. Bb3 Re3 57. Rc8+ Kd7 58. Rg8 Bf6 59. Rf8 Be5 60. Rg8 Bf4 61. Rg6 Kc7 62. Kf2 Rc3 63. Kg2 Rc5 64. Kf3 Bd6 65. Kg4 Be7 66. Re6 Kd7 67. Rg6 Re5 68. Ba4+ Kc7 69. Bb3 $1 Re4+ 70. Kf3 Rf4+ 71. Kg3 Bf6 72. Rg8 Kd6 73. Rc8 Be5 {[#] And now ...Rc4+ would win.} 74. Kg2 Rh4 75. Rc4 g4 76. Kg1 Bh2+ 77. Kg2 Ke5 78. Bc2 Kf6 79. Rxb4 Bd6 80. Rc4 Rh2+ 81. Kg1 g3 82. Be4 Re2 83. Kf1 Rf2+ 84. Kg1 Bf4 85. Rc2 Bd2 86. Rb2 Ke5 87. Bg2 Re2 {( -> ...Be3+)} 88. Rb5+ Kf4 {...Be3+ is the strong threat.} 89. Bb7 Be3+ {[%mdl 64] Discovered Attack} 90. Kf1 Rf2+ 91. Ke1 g2 {[%cal Rg2g1] [#]} 92. Rb4+ $2 {[%mdl 8192]} (92. Bxg2 $1 $17 {[%mdl 512]} Rxg2 93. a4) 92... Kg3 {Accuracy: White = 64%, Black = 58%.} 0-1

[Event "Chinese Chess League 2019"]
[Site "Shen Yang"]
[Date "2019.11.22"]
[Round "17.8"]
[White "Lin, Yi"]
[Black "Dai, Changren"]
[Result "1/2-1/2"]
[WhiteElo "2425"]
[BlackElo "2509"]
[Annotator "ChessBase"]
[PlyCount "42"]
[EventDate "2019.04.09"]
[EventType "team-tourn"]
[EventCountry "CHN"]
[SourceTitle "playchess.com"]
[Source "ChessBase"]
[SourceQuality "1"]
[TimeControl "5400+30"]

1. d4 {[%emt 0:00:00]} Nf6 {[%emt 0:00:00]} 2. c4 {[%emt 0:00:00]} e6 {[%emt 0:00:00]} 3. Nf3 {[%emt 0:00:00]} d5 {[%emt 0:00:00]} 4. g3 {[%emt 0:00:00]} Bb4+ {[%emt 0:00:00]} 5. Bd2 {[%emt 0:00:13]} Be7 {[%emt 0:00:00]} 6. Bg2 {[%emt 0:00:08]} Nbd7 {[%emt 0:00:02]} 7. Qc2 {[%emt 0:02:24]} O-O {[%emt 0:00:07]} 8. O-O {[%emt 0:00:06]} c6 {[%emt 0:00:09]} 9. Rd1 {[%emt 0:00:11]} a5 {[%emt 0:00:05]} 10. Bf4 {[%emt 0:03:51]} b5 {[%emt 0:02:24]} 11. c5 {[%emt 0:03:53]} Nh5 {[%emt 0:01:07]} 12. Bc1 {[%emt 0:08:04]} f5 {[%emt 0:00:23]} 13. Ne5 {[%emt 0:02:39]} Bb7 {[%emt 0:06:21]} 14. Nd2 {[%emt 0:02:24]} Nhf6 {[%emt 0:14:05]} 15. Ndf3 {[%emt 0:01:51]} Nxe5 {[%emt 0:01:59]} 16. Nxe5 {[%emt 0:00:55]} Nd7 {[%emt 0:02:57]} 17. Bf4 {[%emt 0:03:36]} Nxe5 {[%emt 0:04:47]} 18. Bxe5 {[%emt 0:00:06]} Bf6 {[%emt 0:00:07]} 19. Bd6 {[%emt 0:00:30]} Be7 {[%emt 0:00:05]} 20. Be5 {[%emt 0:00:04]} Bf6 {[%emt 0:01:57]} 21. Bd6 {[%emt 0:00:05]} Be7 {[%emt 0:01:17]} 1/2-1/2

[Event "Chinese Chess League 2019"]
[Site "Shen Yang"]
[Date "2019.11.22"]
[Round "17.9"]
[White "Munguntuul, Batkhuyag"]
[Black "Zhou, Zirun"]
[Result "1-0"]
[WhiteElo "2436"]
[BlackElo "2121"]
[Annotator "ChessBase"]
[PlyCount "91"]
[EventDate "2019.04.09"]
[EventType "team-tourn"]
[EventCountry "CHN"]
[SourceTitle "playchess.com"]
[Source "ChessBase"]
[SourceQuality "1"]
[TimeControl "5400+30"]

1. e4 {[%emt 0:00:00]} e5 {[%emt 0:00:00]} 2. Nf3 {[%emt 0:00:00]} Nc6 {[%emt 0:00:00]} 3. Bb5 {[%emt 0:00:00]} a6 {[%emt 0:00:00]} 4. Ba4 {[%emt 0:00:00]} Nf6 {[%emt 0:00:06]} 5. d3 {[%emt 0:00:00]} b5 {[%emt 0:00:47]} 6. Bb3 {[%emt 0:00:00]} Bc5 {[%emt 0:00:09]} 7. Nc3 {[%emt 0:00:00]} d6 {[%emt 0:01:28]} 8. Nd5 {[%emt 0:00:02]} h6 {[%emt 0:00:10]} 9. c3 {[%emt 0:00:10]} Rb8 {[%emt 0:01:18]} 10. O-O {[%emt 0:01:28]} O-O {[%emt 0:00:17]} 11. Re1 {[%emt 0:00:28]} Nxd5 {[%emt 0:04:00]} 12. Bxd5 {[%emt 0:16:05]} Ne7 {[%emt 0:02:21]} 13. Bb3 {[%emt 0:00:12]} Bb6 {[%emt 0:05:02]} 14. Nh4 {[%emt 0:08:38]} Kh7 {[%emt 0:09:30]} 15. Qh5 {[%emt 0:09:02]} f5 {[%emt 0:01:24]} 16. Nf3 {[%emt 0:04:20]} fxe4 {[%emt 0:19:00]} 17. Ng5+ {[%emt 0:01:05]} Kh8 {[%emt 0:00:08]} 18. Nf7+ {[%emt 0:02:43]} Rxf7 {[%emt 0:00:00]} 19. Qxf7 {[%emt 0:00:10]} Bf5 {[%emt 0:05:56]} 20. dxe4 {[%emt 0:00:56]} Bg6 {[%emt 0:00:10]} 21. Qf3 {[%emt 0:00:48]} Qf8 {[%emt 0:05:48]} 22. Qxf8+ {[%emt 0:03:59]} Rxf8 {[%emt 0:00:06]} 23. Be3 {[%emt 0:00:18]} Bxe3 {[%emt 0:01:16]} 24. Rxe3 {[%emt 0:00:05]} Rb8 {[%emt 0:03:03]} 25. Re2 {[%emt 0:08:02]} Be8 {[%emt 0:03:00]} 26. f3 {[%emt 0:01:08]} Nc6 {[%emt 0:01:58]} 27. Bd5 {[%emt 0:03:15]} Ne7 {[%emt 0:02:21]} 28. Be6 {[%emt 0:00:19]} g6 {[%emt 0:01:12]} 29. Rd2 {[%emt 0:00:37]} Kg7 {[%emt 0:00:20]} 30. b4 {[%emt 0:00:53]} Kf6 {[%emt 0:00:45]} 31. Bb3 {[%emt 0:02:00]} a5 {[%emt 0:00:19]} 32. bxa5 {[%emt 0:11:47]} Ra8 {[%emt 0:00:05]} 33. a4 {[%emt 0:01:06]} Rxa5 {[%emt 0:00:32]} 34. Rda2 {[%emt 0:00:05]} bxa4 {[%emt 0:01:33]} 35. Bxa4 {[%emt 0:00:05]} Bf7 {[%emt 0:00:10]} 36. Bb3 {[%emt 0:01:33]} Rc5 {[%emt 0:00:30]} 37. Bxf7 {[%emt 0:00:06]} Kxf7 {[%emt 0:00:05]} 38. Ra3 {[%emt 0:00:11]} h5 {[%emt 0:02:04]} 39. Kf2 {[%emt 0:00:55]} c6 {[%emt 0:00:37]} 40. Rb1 {[%emt 0:02:23]} d5 {[%emt 0:00:49]} 41. Rb7 {[%emt 0:00:14]} Ke6 {[%emt 0:00:09]} 42. Ke2 {[%emt 0:02:39]} Rc4 {[%emt 0:01:07]} 43. Kd3 {[%emt 0:00:21]} Nc8 {[%emt 0:00:20]} 44. exd5+ {[%emt 0:02:01]} cxd5 {[%emt 0:00:10]} 45. Ra6+ {[%emt 0:00:04]} Kf5 {[%emt 0:02:19]} 46. Rf7+ {[%emt 0:00:04] Ke4+ Kxe4} 1-0